000 01354nam a22002777a 4500
005 20121120160558.0
008 121120t xxu||||| |||| 00| 0 eng d
010 _aENG-106176
020 _a9781259061059
_c575.00
020 _a1259061051
_c575.00
035 _aEN-89709
037 _bDBAD/PUB
040 _aDLC
082 0 0 _a658.3
_223
245 0 0 _aHR from the outside in :
_bthe next era of human resources transformation /
_cby Dave Ulrich ... [et al]
260 _aNew Delhi
_bTata McGraw-Hill
_cc2012.
270 _a7 West Patel Nagar
_bNew Delhi
_e110008
300 _a318p.
_c25cm(Hb)
500 _aIncludes bibliographical references and index.
505 0 _aNext generation HR -- Research approach and findings -- Strategic positioner -- Credible activist -- Capability builder -- Change champion -- HR innovator and integrator -- Technology proponent -- Developing yourself as an HR professional -- The effective HR department -- What's so, so what, now what?
650 0 _aPersonnel management.
_953653
700 1 _aUlrich, David,
_d1953-
_953654
942 _2ddc
_cEN
_h658.3
_mHRF
999 _c71507
_d71507